• 首页
  • 本馆介绍
  • 公告通知
  • 最新文献
  • 馆藏检索
  • 电子资源
  • 读者导购
  • 参考咨询
  • 我的图书馆
  • 登录
  • 详细信息显示
  • 放入我的书架
  • 预约/预借图书
  • 作者相关作品
  • 分类相关作品
  • 丛书相关作品
  • 出版社相关作品

书目信息

  • 表格格式
  • 工作单格式
  • 卡片格式
书名: Anthology of American literature
作者:
分册号:
分册名: Colonial Through Romantic,Part 2
出版地: New York :
 
出版社: Macmillan Publishing company
出版时间: 1980.
页数: 997-1953 p. ;
开本: 23cm.
丛书名:
中图分类号:
科图分类号:
其他分类号: I712.11
主题词:
电子资源:
000 00478nam 2200145 a 4500
001 E0738474442
005 20071005110011.59
008 070227s1980 00010 eng
020    @a0-02-379580-8. :@cCNY12.00.
040    @aPFT@beng
090    @aI712.11
099    @dI712.11@ex1:1(2)=2
245    @aAnthology of American literature.@nVolume Ⅰ,@pColonial Through Romantic,Part 2@s(Second Edition).
260    @aNew York :@bMacmillan Publishing company,@c1980.
300    @a997-1953 p. ;@c23cm.
    
    Anthology of American literature.. Volume Ⅰ,. Colonial Through Romantic,Part 2 ((Second Edition).).-New York : : Macmillan Publishing company, , 1980.
    997-1953 p. ; ; 23cm.
    
    
    ISBN 0-02-379580-8. :CNY12.00.
    
●
相关链接 在E读中查询图书 在五车中查询图书 在当当中查询图书 在豆瓣中查询图书


正题名:Anthology of American literature     索取号:I712.11/x1:1(2)=2         预约/预借

序号 登录号 条形码 馆藏地/架位号 状态 备注
1 17583   300175833   密集书库/ [索取号:I712.11/x1:1(2)=2] 在馆    
2 82842   001683574   第四借阅区/ [索取号:I712.11/x1:1(2)=2] 在馆    
3 82843   001683627   第四借阅区/ [索取号:I712.11/x1:1(2)=2] 在馆    
4 82845   001683636   第二样本阅览室/ [索取号:I712.11/x1:1(2)=2] 在馆    
唐山师范学院图书馆 欢迎您!
大连网信软件有限公司© 版权所有